U.S. Senators Quiz - Statistics

General Stats
  • This quiz has been taken 23 times
  • The average score is 59 of 100
Answer Stats
State Senator % Correct
New York Chuck Schumer
95%
Vermont Bernie Sanders
90%
Massachusetts Elizabeth Warren
90%
Florida Marco Rubio
90%
Texas Ted Cruz
90%
Minnesota Amy Klobuchar
80%
New Jersey Cory Booker
80%
California Dianne Feinstein
80%
California Kamala Harris
80%
Utah Mitt Romney
80%
Maine Susan Collins
80%
Maine Angus King
75%
Texas John Cornyn
75%
South Carolina Lindsey Graham
75%
Kentucky Mitch McConnell
75%
South Carolina Tim Scott
75%
Mississippi Cindy Hyde-Smith
70%
Alabama Doug Jones
70%
West Virginia Joe Manchin
70%
Arizona Kyrsten Sinema
70%
Alaska Lisa Murkowski
70%
Kentucky Rand Paul
70%
Florida Rick Scott
70%
Virginia Tim Kaine
70%
Connecticut Chris Murphy
65%
Iowa Chuck Grassley
65%
Colorado Cory Gardner
65%
Illinois Dick Durbin
65%
Massachusetts Ed Markey
65%
Michigan Gary Peters
65%
Louisiana John Neely Kennedy
65%
Iowa Joni Ernst
65%
New York Kirsten Gillibrand
65%
Tennessee Marsha Blackburn
65%
Utah Mike Lee
65%
Wisconsin Ron Johnson
65%
Montana Steve Daines
65%
Illinois Tammy Duckworth
65%
North Carolina Thom Tillis
65%
Minnesota Tina Smith
65%
Arkansas Tom Cotton
65%
Delaware Chris Coons
60%
New Hampshire Jeanne Shaheen
60%
Virginia Mark Warner
60%
Arizona Martha McSally
60%
Hawaii Mazie Hirono
60%
Colorado Michael Bennet
60%
Pennsylvania Pat Toomey
60%
Rhode Island Sheldon Whitehouse
60%
West Virginia Shelley Moore Capito
60%
Ohio Sherrod Brown
60%
Nebraska Ben Sasse
55%
New Jersey Bob Menendez
55%
Nevada Jacky Rosen
55%
Oregon Jeff Merkley
55%
Idaho Jim Risch
55%
South Dakota John Thune
55%
Montana Jon Tester
55%
Missouri Josh Hawley
55%
New Hampshire Maggie Hassan
55%
Idaho Mike Crapo
55%
Pennsylvania Bob Casey
50%
Hawaii Brian Schatz
50%
Nevada Catherine Cortez Masto
50%
Alaska Dan Sullivan
50%
Michigan Debbie Stabenow
50%
Wyoming John Barrasso
50%
Arkansas John Boozman
50%
North Dakota Kevin Cramer
50%
Washington Maria Cantwell
50%
Indiana Mike Braun
50%
Wyoming Mike Enzi
50%
Vermont Patrick Leahy
50%
Connecticut Richard Blumenthal
50%
Ohio Rob Portman
50%
Missouri Roy Blunt
50%
Wisconsin Tammy Baldwin
50%
Indiana Todd Young
50%
New Mexico Tom Udall
50%
Louisiana Bill Cassidy
45%
Georgia David Perdue
45%
Nebraska Deb Fischer
45%
Tennessee Lamar Alexander
45%
Kansas Pat Roberts
45%
Alabama Richard Shelby
45%
Oregon Ron Wyden
45%
Maryland Ben Cardin
40%
Maryland Chris Van Hollen
40%
Rhode Island Jack Reed
40%
Kansas Jerry Moran
40%
Oklahoma Jim Inhofe
40%
North Dakota John Hoeven
40%
New Mexico Martin Heinrich
40%
South Dakota Mike Rounds
40%
Washington Patty Murray
40%
Mississippi Roger Wicker
40%
Oklahoma James Lankford
35%
North Carolina Richard Burr
35%
Delaware Tom Carper
35%
Georgia Johnny Isakson
25%
No matching quizzes found
Score Distribution
Percent of People with Each Score
Percentile by Number Answered
Your Score History
You have not taken this quiz